[Event "Nordstrand GP Langsjakk 2016, Åpent Oslomesterskap"]
[Site "Lambertseter gård"]
[Date "2016.04.15"]
[Round "2"]
[White "Nilsen, Tobias Lang"]
[Black "Snellingen, Jørn"]
[Result "0-1"]
[WhiteElo "1867"]
[BlackElo "2047"]
[PlyCount "118"]
[EventDate "2016.??.??"]

1. d4 Nf6 2. c4 Nc6 3. Nc3 e5 4. d5 Ne7 5. e4 Ng6 6. Bd3 Bc5 7. Nge2 Ng4 8. Be3
Bxe3 9. fxe3 Nxe3 10. Qd2 Nxg2+ 11. Kd1 N2f4 12. Kc2 d6 13. Ng3 Nxd3 14. Qxd3
Nf4 15. Qf3 g6 16. Raf1 h5 17. Nge2 Bg4 18. Qf2 Bh3 19. Rfg1 g5 20. Rg3 h4 21.
Re3 Bg4 22. h3 Bh5 23. Nxf4 gxf4 24. Ree1 Qd7 25. Reg1 b6 26. Kc1 O-O-O 27. Qf1
c5 28. dxc6 Qxc6 29. Nd5 Kb7 30. Kb1 Bg6 31. Qd3 Rc8 32. b3 Rce8 33. Rg2 Re6
34. Re1 Qe8 35. Nb4 Qc8 36. Qd5+ Kc7 37. Rd2 Qb7 38. Rc2 a5 39. Nd3 Kb8 40. b4
Qxd5 41. cxd5 Rf6 42. Rc6 Kb7 43. bxa5 bxa5 44. Nxe5 f3 45. Nxg6 fxg6 46. e5
Rf5 47. Rxd6 f2 48. Rf1 Rhf8 49. e6 Re5 50. Rd7+ Ka6 51. e7 Re1+ 52. Kc2 Rc8+
53. Kd2 Rxf1 54. Rd6+ Kb5 55. Rf6 Re1 56. d6 f1=Q 57. Rxf1 Rxf1 58. d7 Rff8 59.
Ke3 Kc6
0-1

[Event "Nordstrand GP Langsjakk 2016, Åpent Oslomesterskap"]
[Site "Lambertseter gård"]
[Date "2016.04.15"]
[Round "2"]
[White "Reppen, Sigmund"]
[Black "Kvendseth, Cornelius"]
[Result "0-1"]
[WhiteElo "2022"]
[BlackElo "1865"]
[PlyCount "108"]
[EventDate "2016.??.??"]

1. e4 c5 2. Nf3 Nc6 3. Bb5 g6 4. O-O Bg7 5. c3 d6 6. d4 cxd4 7. cxd4 Bd7 8. Nc3
a6 9. Be2 Nf6 10. d5 Ne5 11. Nd4 Rc8 12. Nc2 O-O 13. Ne3 Qb6 14. Kh1 Be8 15. f4
Ned7 16. Nc4 Qb4 17. a3 Qc5 18. Be3 Qc7 19. Bd4 b5 20. Ne3 e5 21. dxe6 fxe6 22.
Bf3 Bf7 23. Rc1 e5 24. Ne2 Qb7 25. Bc3 Nxe4 26. fxe5 Nxe5 27. Bxe5 Bxe5 28.
Rxc8 Rxc8 29. Ng4 Bg7 30. Nc3 d5 31. Bxe4 dxe4 32. Nf6+ Bxf6 33. Rxf6 Re8 34.
Qd4 e3 35. Rf1 Qc7 36. Nd5 Bxd5 37. Qxd5+ Kg7 38. Qd4+ Qe5 39. Qxe5+ Rxe5 40.
g3 Rd5 41. Re1 Rd2 42. Rxe3 Rxb2 43. Re7+ Kh6 44. Ra7 Ra2 45. Rxa6 b4 46. Rb6
bxa3 47. Ra6 Kg5 48. h3 Kf5 49. Ra4 Ke5 50. Kg1 Kd5 51. h4 Kc5 52. Ra7 Kd4 53.
Rxh7 Rb2 54. Rd7+ Ke4
0-1

[Event "Nordstrand GP Langsjakk 2016, Åpent Oslomesterskap"]
[Site "Lambertseter gård"]
[Date "2016.04.15"]
[Round "2"]
[White "Pettersen, Johan"]
[Black "Harstad, Christian"]
[Result "1-0"]
[WhiteElo "1855"]
[BlackElo "1963"]
[PlyCount "115"]
[EventDate "2016.??.??"]

1. e4 e5 2. Bc4 Nf6 3. d3 c6 4. f4 exf4 5. Bxf4 d5 6. exd5 cxd5 7. Bb3 Bb4+ 8.
c3 Bd6 9. Qe2+ Be6 10. Bxd6 Qxd6 11. Nf3 Nc6 12. O-O O-O-O 13. Na3 a6 14. Ba4
b5 15. Bb3 Rhe8 16. Nc2 Bg4 17. Qf2 Bxf3 18. Qxf3 Re5 19. a4 Rh5 20. Qf4 Qxf4
21. Rxf4 Re5 22. axb5 axb5 23. Nb4 Kb7 24. Nxc6 Kxc6 25. Ra7 Rd7 26. Rxd7 Kxd7
27. Kf2 Kc6 28. Bc2 Re7 29. h3 Ra7 30. Ke3 Re7+ 31. Kd2 Nh5 32. Rf3 Nf6 33. Re3
Ra7 34. Bb3 Kd6 35. Rg3 g6 36. Rf3 Ne8 37. g4 f6 38. h4 h6 39. d4 Rg7 40. Rf1
h5 $2 41. gxh5 gxh5 42. Rf5 Rg2+ 43. Kc1 Rg1+ 44. Kc2 Rg2+ 45. Kb1 Rg4 46.
Rxd5+ Kc6 47. Rxh5 Nd6 48. Be6 Rf4 49. Rh8 b4 50. h5 bxc3 51. bxc3 Ne4 52. Kb2
Rf2+ 53. Kb3 Kd6 54. Bc4 Rf3 55. h6 Rxc3+ 56. Kb4 Rh3 57. h7 Ke7 58. Ra8
1-0

[Event "Nordstrand GP Langsjakk 2016, Åpent Oslomesterskap"]
[Site "Lambertseter gård"]
[Date "2016.04.15"]
[Round "2"]
[White "Vestby-Ellingsen, Mads"]
[Black "Robertsen, Bjørn"]
[Result "1/2-1/2"]
[WhiteElo "1961"]
[BlackElo "1855"]
[PlyCount "52"]
[EventDate "2016.??.??"]

1. d4 d5 2. c4 c6 3. Nf3 Nf6 4. Nc3 dxc4 5. a4 Bf5 6. Ne5 Nbd7 7. Nxc4 Qc7 8.
Qd2 e6 9. Qf4 Qxf4 10. Bxf4 Nd5 11. Nd6+ Bxd6 12. Bxd6 N7f6 13. e3 a5 14. Bc4
Nxc3 15. bxc3 Ne4 16. Bg3 Nxc3 17. f3 b5 18. axb5 cxb5 19. Kd2 b4 20. e4 Bg6
21. Be1 f5 22. Ke3 fxe4 23. Bxc3 bxc3 24. fxe4 Ke7 25. Rhc1 Rhb8 26. Rxc3 Rb2
1/2-1/2

[Event "Nordstrand GP Langsjakk 2016, Åpent Oslomesterskap"]
[Site "Lambertseter gård"]
[Date "2016.04.15"]
[Round "2"]
[White "Sjøberg, Isak"]
[Black "Haugland, Rasmus L"]
[Result "0-1"]
[WhiteElo "1843"]
[BlackElo "1951"]
[PlyCount "64"]
[EventDate "2016.??.??"]

1. e4 c6 2. d4 d5 3. Nc3 dxe4 4. Nxe4 Nd7 5. Bc4 Ngf6 6. Nxf6+ Nxf6 7. c3 e6 8.
Nf3 Be7 9. O-O O-O 10. Qe2 Qc7 11. Ne5 c5 12. Bf4 Bd6 13. Rad1 Rd8 14. Rfe1 Qe7
15. Bg5 Bd7 16. d5 exd5 17. Bxd5 Be6 18. f4 h6 19. Bh4 Bxd5 20. Bxf6 Qxf6 21.
Rxd5 Qxf4 22. Rf1 Qg5 23. c4 Bxe5 24. Rxe5 Rd2 25. Qe4 Qg6 26. Qxb7 Rad8 27.
Ref5 R8d7 28. Qf3 Rxb2 29. Rxc5 Rdd2 30. g3 Rxh2 31. Rf5 Rh3 32. Rf2 Rxg3+
0-1

[Event "Nordstrand GP Langsjakk 2016, Åpent Oslomesterskap"]
[Site "Lambertseter gård"]
[Date "2016.04.15"]
[Round "2"]
[White "Staunsbjerg, Valdemar A"]
[Black "Svanholm, Børge W"]
[Result "0-1"]
[WhiteElo "1922"]
[BlackElo "1826"]
[PlyCount "102"]
[EventDate "2016.??.??"]

1. e4 e6 2. d4 d5 3. Nc3 Nf6 4. Bg5 Be7 5. e5 Nfd7 6. h4 h6 7. Bxe7 Qxe7 8. Qg4
O-O 9. O-O-O a6 10. Nf3 c5 11. dxc5 Nc6 12. Qg3 Nxc5 13. Bd3 b5 14. Ng5 Nxd3+
15. Rxd3 b4 16. Ne2 Qc7 17. Nf3 a5 18. Ned4 Ba6 19. Rd2 a4 20. Nxc6 Qxc6 21.
Nd4 Qb6 22. Qe3 Rfc8 23. Kb1 Rab8 24. Rh3 Qc5 25. Rg3 Kh7 26. Qf4 Rb7 27. Qg4
Qf8 28. f4 Rc4 29. f5 Rb6 30. h5 Bc8 31. Qf3 Rc3 32. Rd3 Rxd3 33. Qxd3 exf5 34.
Nxf5 Bxf5 35. Qxf5+ Kg8 36. Qf2 Re6 37. Qd4 Qe7 38. Re3 Qb7 39. Rd3 f6 40. exf6
Rxf6 41. Kc1 Rf5 42. g4 Rg5 43. Re3 Qb5 44. Re1 b3 45. axb3 axb3 46. cxb3 Qxb3
47. Re3 Qb5 48. Qc3 Qf1+ 49. Kc2 Qg2+ 50. Kb1 Qxg4 51. Re8+ Kf7
0-1

[Event "Nordstrand GP Langsjakk 2016, Åpent Oslomesterskap"]
[Site "Lambertseter gård"]
[Date "2016.04.15"]
[Round "2"]
[White "Lund, Eyvind"]
[Black "Egeland, Finn"]
[Result "1-0"]
[WhiteElo "1816"]
[BlackElo "1912"]
[PlyCount "117"]
[EventDate "2016.??.??"]

1. d4 d5 2. Nf3 Nf6 3. Bf4 c5 4. c3 Qb6 5. Qb3 c4 6. Qxb6 axb6 7. Na3 Bf5 8.
Nh4 Bd7 9. Bxb8 Rxb8 10. Nc2 e6 11. g3 Bd6 12. Bg2 Ba4 13. Ne3 O-O 14. f4 Ra8
15. Kd2 Bc6 16. a3 b5 17. Raf1 Rad8 18. g4 Rfe8 19. Rhg1 Ne4+ 20. Bxe4 dxe4 21.
g5 Kf8 22. Ng4 Ke7 23. Ne5 Rg8 24. Nxc6+ bxc6 25. Ke3 c5 26. Kxe4 cxd4 27. cxd4
Rc8 28. Rc1 Rc6 29. Nf3 Rgc8 30. Ne5 R6c7 31. Rg3 Kf8 32. Ng4 Ke7 33. Rh3 h6
34. Nf2 hxg5 35. fxg5 b4 36. axb4 Bxb4 37. b3 Bd2 38. Rxc4 Rxc4 39. bxc4 Bxg5
40. Rc3 f5+ 41. Kd3 Bf6 42. e3 Rd8 43. Rc2 g5 44. Ra2 Rd7 45. Ke2 Rc7 46. Ra4
e5 47. d5 e4 48. h4 g4 49. h5 Rb7 50. Nxg4 Rb2+ 51. Kf1 fxg4 52. c5 g3 53.
Rxe4+ Kd7 54. Rg4 Be5 55. h6 Rh2 56. Rg7+ Kd8 57. Rg6 Kd7 58. Rg7+ Kd8 59. Rg5
1-0

[Event "Nordstrand GP Langsjakk 2016, Åpent Oslomesterskap"]
[Site "Lambertseter gård"]
[Date "2016.04.15"]
[Round "2"]
[White "Lund, Gunnar"]
[Black "Ingebretsen, Jens E"]
[Result "0-1"]
[WhiteElo "1907"]
[BlackElo "1821"]
[PlyCount "38"]
[EventDate "2016.??.??"]

1. e4 e6 2. b3 Nf6 3. d3 d5 4. e5 Nfd7 5. f4 g5 6. fxg5 Nxe5 7. Nf3 Nxf3+ 8.
Qxf3 Bg7 9. c3 c5 10. Be2 Nc6 11. O-O O-O 12. Qh5 b5 13. Rf4 e5 14. Rf2 b4 15.
Bb2 d4 16. c4 e4 17. dxe4 d3 18. Bd1 Bxb2 19. Rxb2 Qd4+
0-1

[Event "Nordstrand GP Langsjakk 2016, Åpent Oslo"]
[Site "Lambertseter gård"]
[Date "2016.04.16"]
[Round "2"]
[White "Jakobsen, Kjetil Ansgar"]
[Black "Skrondal, Inge Sandstad"]
[Result "0-1"]
[WhiteElo "2089"]
[BlackElo "2270"]
[PlyCount "82"]
[EventDate "2016.??.??"]

1. e4 c5 2. Nc3 g6 3. f4 Bg7 4. Bc4 Nc6 5. Nf3 e6 6. O-O Nge7 7. d3 d5 8. Bb3
O-O 9. Qe1 Na5 10. Bd2 b6 11. f5 Nxb3 12. axb3 exf5 13. e5 h6 14. d4 Nc6 15.
Nb5 Be6 16. dxc5 a6 17. Nd6 bxc5 18. Qe2 Nxe5 19. Rxa6 Nxf3+ 20. gxf3 Qh4 21.
c3 Rab8 22. Nb5 Bd7 23. c4 Bxb5 24. cxb5 Bxb2 25. Ra4 Bd4+ 26. Kh1 Qh3 27. Bf4
Rfe8 28. Qd3 Be5 29. Bxe5 Rxe5 30. Rfa1 Kg7 31. b4 Rbe8 32. Qf1 Qxf1+ 33. Rxf1
c4 34. Rd1 c3 35. Ra2 Re1+ 36. Rxe1 Rxe1+ 37. Kg2 Rb1 38. Rc2 Rb2 39. b6 Rxc2+
40. Kf1 Rxh2 41. b7 c2 0-1

[Event "Nordstrand GP Langsjakk 2016, Åpent Osl"]
[Site "Lambertseter gård"]
[Date "2016.04.16"]
[Round "2"]
[White "Nordquelle, Daniel"]
[Black "Kulikov, Evgeny"]
[Result "0-1"]
[WhiteElo "1997"]
[BlackElo "2241"]
[PlyCount "92"]
[EventDate "2016.??.??"]

1. e4 c5 2. c3 d5 3. exd5 Qxd5 4. d4 e6 5. Nf3 Nf6 6. Be2 Nc6 7. O-O cxd4 8.
cxd4 Be7 9. Nc3 Qd6 10. Be3 O-O 11. Qb3 a6 12. Rfd1 b5 13. Ng5 Na5 14. Qc2 Bb7
15. Nce4 Nxe4 16. Nxe4 Qc6 17. Qxc6 Bxc6 18. Nc5 Rfc8 19. Rac1 Nb7 20. b3 Nd6
21. a4 bxa4 22. Bxa6 Rcb8 23. bxa4 Bxa4 24. Nxa4 Rxa6 25. Nc5 Ra5 26. d5 exd5
27. Rxd5 Rc8 28. Rdd1 Nf5 29. Nb3 Raa8 30. Bc5 Bg5 31. Rb1 g6 32. g3 Rab8 33.
Bd4 Rd8 34. h4 Be7 35. Re1 Nxd4 36. Rxe7 Nxb3 37. h5 Nd4 38. hxg6 hxg6 39. Kg2
Kg7 40. Ra7 g5 41. Ra5 f6 42. Ra7+ Kg6 43. Ra6 g4 44. Ra4 f5 45. f4 gxf3+ 46.
Kf2 Kg5 0-1

[Event "Nordstrand GP Langsjakk 2016, Åpent Oslomesterskap"]
[Site "Lambertseter gård"]
[Date "2016.04.15"]
[Round "3"]
[White "Kulikov, Evgeny"]
[Black "Getz, Nicolai"]
[Result "0-1"]
[WhiteElo "2241"]
[BlackElo "2408"]
[PlyCount "66"]
[EventDate "2016.??.??"]

1. e4 c5 2. Nf3 e6 3. d4 cxd4 4. Nxd4 Nc6 5. Nc3 Qc7 6. Be3 a6 7. Qd2 Nf6 8. f3
b5 9. g4 Bb7 10. g5 Nh5 11. O-O-O Nxd4 12. Bxd4 Bc6 13. Nd5 exd5 14. exd5 Bxd5
15. Be5 Qxe5 16. Re1 Qxe1+ 17. Qxe1+ Be7 18. Bd3 Be6 19. h4 O-O 20. f4 Nxf4 21.
Bxh7+ Kxh7 22. Qe4+ Ng6 23. h5 Bxg5+ 24. Kb1 Bh6 25. Rg1 Kh8 26. hxg6 fxg6 27.
Qxg6 Bf5 28. Qd6 Rf6 29. Qc5 Re8 30. a3 Re2 31. Ka1 Rxc2 32. Qe5 Rc1+ 33. Rxc1
Bxc1 
0-1

[Event "Nordstrand GP Langsjakk 2016, Åpent Oslomesterskap"]
[Site "Lambertseter gård"]
[Date "2016.04.16"]
[Round "3"]
[White "Kovachev, Daniel Jakobsen"]
[Black "Haug, Johannes"]
[Result "1-0"]
[WhiteElo "2297"]
[BlackElo "2244"]
[PlyCount "81"]
[EventDate "2016.??.??"]

1. e4 e6 2. d4 d5 3. Nd2 c5 4. exd5 Qxd5 5. Ngf3 cxd4 6. Bc4 Qd6 7. O-O Nf6 8.
Nb3 Nc6 9. Nbxd4 Nxd4 10. Nxd4 Be7 11. c3 O-O 12. Qe2 a6 13. Re1 Qc7 14. Bg5
Nd5 15. Bxe7 Nxe7 16. Rad1 Ng6 17. Bd3 b6 18. Qh5 Bb7 19. Re3 Qc5 20. Qxc5 bxc5
21. Nb3 Rac8 22. Na5 Rb8 23. Bxg6 hxg6 24. c4 Rfd8 25. Rxd8+ Rxd8 26. f3 Ba8
27. Nb3 Rd6 28. Re5 Rd1+ 29. Kf2 Rb1 30. Re2 Kf8 31. Nxc5 a5 32. Nb3 a4 33. Nc5
Bc6 34. Nd3 Ke7 35. Re1 Rxe1 36. Kxe1 Kd6 37. h4 e5 38. Kd2 f5 39. b4 axb3 40.
axb3 Be8 41. g3 
1-0

[Event "Nordstrand GP Langsjakk 2016, Åpent Oslomesterskap"]
[Site "Lambertseter gård"]
[Date "2016.04.16"]
[Round "3"]
[White "Haugland, Rasmus L"]
[Black "Kvisla, Johannes Luangtep"]
[Result "0-1"]
[WhiteElo "1951"]
[BlackElo "2281"]
[PlyCount "96"]
[EventDate "2016.??.??"]

1. d4 e6 2. e4 d5 3. Nc3 dxe4 4. Nxe4 Nf6 5. Bg5 Be7 6. Bxf6 gxf6 7. Nf3 f5 8.
Ng3 a6 9. Qd2 h5 10. Bc4 h4 11. Ne2 b5 12. Bb3 c5 13. c3 c4 14. Bc2 Bb7 15. Qe3
Nd7 16. O-O-O Nf6 17. h3 Nd5 18. Qd2 Rg8 19. Rhg1 Bg5 20. Nxg5 Qxg5 21. Rde1
Kd7 22. g3 Qxd2+ 23. Kxd2 hxg3 24. fxg3 Rh8 25. h4 Rag8 26. Ref1 Nf6 27. Nf4
Kd6 28. Nh3 Ng4 29. Ng5 Rxg5 30. hxg5 Nh2 31. Ke3 Nxf1+ 32. Rxf1 Rh5 33. g4
Rh3+ 34. Kf4 Rh2 35. Bb1 fxg4 36. Kxg4 Ke7 37. b3 cxb3 38. axb3 Rg2+ 39. Kf4 a5
40. Bd3 b4 41. cxb4 Rd2 42. Ke3 Rxd3+ 43. Kxd3 Ba6+ 44. Kc3 Bxf1 45. bxa5 Kd6
46. Kd2 Kd5 47. Kc3 Ba6 48. b4 Bb5 
0-1

[Event "Nordstrand GP Langsjakk 2016, Åpent Oslomesterskap"]
[Site "Lambertseter gård"]
[Date "2016.04.16"]
[Round "3"]
[White "Skrondal, Inge Sandstad"]
[Black "Støre, Trond"]
[Result "1-0"]
[WhiteElo "2270"]
[BlackElo "1988"]
[PlyCount "95"]
[EventDate "2016.??.??"]

1. d4 Nf6 2. Nf3 e6 3. e3 b6 4. Bd3 Bb7 5. O-O Be7 6. c4 O-O 7. Nc3 d5 8. cxd5
exd5 9. Ne5 Nbd7 10. f4 Ne4 11. Qc2 Ndf6 12. Bd2 c5 13. Be1 Nxc3 14. Bxc3 Ne4
15. dxc5 Bxc5 16. Bd4 Bd6 17. Rad1 Qc7 18. Qe2 Qe7 19. Qh5 Nf6 20. Qh4 Ne4 21.
Qh5 Nf6 22. Qf3 Ne4 23. Ng4 Qh4 24. h3 Rae8 25. Ne5 Re6 26. Kh2 Rh6 27. Ng4 Re6
28. g3 Qd8 29. Rg1 Re7 30. Nh6+ gxh6 31. Qg4+ Ng5 32. fxg5 Bc8 33. Qh5 f5 34.
gxf6 Ref7 35. Qxh6 Bc5 36. Rdf1 Bxd4 37. exd4 Qd6 38. Rf4 Kh8 39. Bg6 Rc7 40.
Rgf1 Qb4 41. R1f2 Rcf7 42. Bxf7 Rxf7 43. Qh5 Be6 44. Qe5 Bd7 45. Qxd5 Qf8 46.
Qe5 Qg8 47. d5 Qg6 48. Qb8+ 
1-0

[Event "Nordstrand GP Langsjakk 2016, Åpent Oslomesterskap"]
[Site "Lambertseter gård"]
[Date "2016.04.15"]
[Round "3"]
[White "Omtvedt, Per"]
[Black "Solberg, Joachim"]
[Result "1/2-1/2"]
[WhiteElo "1973"]
[BlackElo "2240"]
[PlyCount "34"]
[EventDate "2016.??.??"]

1. e4 c5 2. Nc3 a6 3. f4 b5 4. Nf3 e6 5. g3 Bb7 6. d3 Nf6 7. Bg2 d5 8. e5 d4 9.
Nxb5 axb5 10. exf6 gxf6 11. O-O Nc6 12. Qe2 Be7 13. f5 e5 14. Bh6 Qb6 15. a3
O-O-O 16. b3 Rhg8 17. Nd2 Rd7 
1/2-1/2

[Event "Nordstrand GP Langsjakk 2016, Åpent Oslomesterskap"]
[Site "Lambertseter gård"]
[Date "2016.04.16"]
[Round "3"]
[White "Tryggestad, Andreas G"]
[Black "Pettersen, Johan"]
[Result "1/2-1/2"]
[WhiteElo "2198"]
[BlackElo "1855"]
[PlyCount "92"]
[EventDate "2016.??.??"]

1. d4 g6 2. c4 Bg7 3. Nc3 c5 4. d5 Bxc3+ 5. bxc3 f5 6. Nf3 Nf6 7. g3 d6 8. Bg2
Qa5 9. Qc2 Nbd7 10. O-O Nb6 11. Nd2 Qa4 12. Qd3 Bd7 13. Rb1 Qxa2 14. Bb2 Na4
15. Qc2 O-O 16. Qc1 Nxb2 17. Ra1 Qxa1 18. Qxa1 Na4 19. Bh3 Nb6 20. Qb1 Rab8 21.
e4 fxe4 22. Bxd7 Nbxd7 23. Nxe4 Nxe4 24. Qxe4 Rf7 25. f4 Rbf8 26. h4 Nf6 27.
Qe6 Kg7 28. Kg2 Kh8 29. Rb1 b6 30. Ra1 a5 31. Rb1 Kg7 32. Rxb6 Ra8 33. Rb7 Ng8
34. Rb3 Rff8 35. Qd7 Rfb8 36. Ra3 Rb2+ 37. Kf3 Rab8 38. Qa4 Rd2 $11 39. Rb3
Rxb3 40. Qxb3 Nf6 41. g4 Rd3+ 42. Ke2 Rh3 43. g5 Nh5 44. Qb8 Nxf4+ 45. Kf2 Nd3+
46. Ke2 Nf4+ $11 
1/2-1/2

[Event "Nordstrand GP Langsjakk 2016, Åpent Oslomesterskap"]
[Site "Lambertseter gård"]
[Date "2016.04.15"]
[Round "3"]
[White "Al-Tarbosh, Ward"]
[Black "Sømhovd, Ivar"]
[Result "0-1"]
[WhiteElo "2159"]
[BlackElo "1942"]
[PlyCount "66"]
[EventDate "2016.??.??"]

1. e4 c5 2. Nf3 g6 3. c3 d5 4. e5 Nc6 5. d4 Bg4 6. Be3 cxd4 7. cxd4 Qb6 8. Qd2
Bxf3 9. gxf3 e6 10. Nc3 Nge7 11. Bd3 Nf5 12. Bxf5 gxf5 13. Rd1 Ne7 14. Qe2 a6
15. Qc2 Rc8 16. Bg5 Rg8 17. Qc1 Rc4 18. Qd2 Nc6 19. Be3 f4 20. Bxf4 Nxd4 21.
Be3 Nxf3+ 22. Ke2 Nxd2 23. Bxb6 Ne4 24. Bd4 Nxc3+ 25. bxc3 Bh6 26. Rhg1 Rg6 27.
h4 Ra4 28. h5 Rxa2+ 29. Kf3 Rg5 30. Rxg5 Bxg5 31. h6 Bxh6 32. Rh1 Bd2 33. Rxh7
Bxc3 
0-1

[Event "Nordstrand GP Langsjakk 2016, Åpent Oslomesterskap"]
[Site "Lambertseter gård"]
[Date "2016.04.15"]
[Round "3"]
[White "Smeby, Ole"]
[Black "Pena-Riascos, Alexander M"]
[Result "0-1"]
[WhiteElo "1882"]
[BlackElo "2110"]
[PlyCount "84"]
[EventDate "2016.??.??"]

1. d4 d5 2. c4 c6 3. e3 Nf6 4. Nf3 Bf5 5. Nc3 e6 6. cxd5 exd5 7. Bd3 Bxd3 8.
Qxd3 Bb4 9. O-O O-O 10. a3 Bd6 11. Re1 Nbd7 12. e4 dxe4 13. Nxe4 Nxe4 14. Rxe4
Nc5 15. Qe2 Nxe4 16. Qxe4 Re8 17. Qg4 Qc8 18. Qh5 Qe6 19. Be3 Qd5 20. Qh3 Qb3
21. Rb1 Re6 22. Qf5 Qd5 23. Qh3 Rae8 24. Rd1 Qb3 25. Rd2 Bf4 26. Ne5 Bxe5 27.
dxe5 Rxe5 28. Qg3 Rd5 29. Rxd5 Qxd5 30. h3 Qe5 31. Qg4 Qxb2 32. Bd4 Qb1+ 33.
Kh2 Qg6 34. Qd7 Qe6 35. Qc7 a6 36. Qg3 Qg6 37. Qc7 h6 38. Qd7 Qe6 39. Qc7 Qe4
40. Qb6 Qf4+ 41. g3 Qf3 42. Qb4 Re4 
0-1

[Event "Nordstrand GP Langsjakk 2016, Åpent Oslomesterskap"]
[Site "Lambertseter gård"]
[Date "2016.04.15"]
[Round "3"]
[White "Kvendseth, Cornelius"]
[Black "Jakobsen, Kjetil Ansgar"]
[Result "1-0"]
[WhiteElo "1865"]
[BlackElo "2089"]
[PlyCount "67"]
[EventDate "2016.??.??"]

1. Nf3 f5 2. e4 fxe4 3. Ng5 e5 4. d3 e3 5. Bxe3 Nc6 6. g3 Nf6 7. Bg2 d5 8. O-O
h6 9. Nh3 Bd6 10. f4 O-O 11. fxe5 Nxe5 12. Nc3 c6 13. Qd2 Bb4 14. Bd4 Bd6 15.
Rae1 Qc7 16. Kh1 Bxh3 17. Bxh3 Rae8 18. b3 b6 19. Ne2 Qf7 20. Bb2 g5 21. Nd4
Qh5 22. Bf5 g4 23. Be6+ Kh8 24. Rf5 Qh3 25. Ne2 Nf3 26. Rxf3 Rxe6 27. Ng1 Rxe1
28. Qxe1 Qh5 29. Rxf6 d4 30. Rxd6 c5 31. Bc1 Re8 32. Rxh6+ Kg7 33. Rxh5 Rxe1
34. Bf4 
1-0

[Event "Nordstrand GP Langsjakk 2016, Åpent Oslomesterskap"]
[Site "Lambertseter gård"]
[Date "2016.04.16"]
[Round "3"]
[White "Snellingen, Jørn"]
[Black "Enersen, Eirik S"]
[Result "1-0"]
[WhiteElo "2047"]
[BlackElo "1837"]
[PlyCount "59"]
[EventDate "2016.??.??"]

1. Nc3 d5 2. Nf3 Nf6 3. e3 c5 4. Bb5+ Bd7 5. Qe2 a6 6. Bxd7+ Nbxd7 7. a4 Qc7 8.
d3 h6 9. Bd2 e6 10. e4 d4 11. Nb1 Ne5 12. Na3 Nxf3+ 13. Qxf3 b5 14. axb5 axb5
15. O-O Rb8 16. c4 dxc3 17. bxc3 e5 18. Rfb1 Qd7 19. Qg3 Bd6 20. c4 b4 21. Nb5
g6 22. Ra6 Be7 23. Ra7 Rb7 24. Ra8+ Bd8 25. Qxe5+ Qe7 26. Nd6+ Kf8 27. Qxe7+
Rxe7 28. Rxd8+ Ne8 29. Rxe8+ Rxe8 30. Nxe8 
1-0

[Event "Nordstrand GP Langsjakk 2016, Åpent Oslomesterskap"]
[Site "Lambertseter gård"]
[Date "2016.04.16"]
[Round "3"]
[White "Lund, Gunnar"]
[Black "Reppen, Sigmund"]
[Result "1-0"]
[WhiteElo "1907"]
[BlackElo "2022"]
[PlyCount "65"]
[EventDate "2016.??.??"]

1. e4 e5 2. Nf3 Nc6 3. Bc4 Nf6 4. d3 Be7 5. c3 d6 6. Nbd2 O-O 7. Nf1 Na5 8. Bb5
a6 9. Ba4 b5 10. Bc2 c5 11. Ng3 Nc6 12. O-O g6 13. h3 Ne8 14. d4 Qc7 15. d5 Nb8
16. a4 bxa4 17. Bxa4 f5 18. exf5 gxf5 19. Ng5 Bxg5 20. Bxg5 Qg7 21. f4 Bd7 22.
Bc2 e4 23. Nh5 Qg6 24. c4 Ng7 25. Nxg7 Kxg7 26. Ra3 h6 27. Be7 Re8 28. Qe1 Kh7
29. Rg3 Qxg3 30. Qxg3 Rxe7 31. Qh4 Rg7 32. Kh2 Ra7 33. Re1 
1-0

[Event "Nordstrand GP Langsjakk 2016, Åpent Oslomesterskap"]
[Site "Lambertseter gård"]
[Date "2016.04.15"]
[Round "3"]
[White "Rukovci, Shemsi"]
[Black "Lund, Eyvind"]
[Result "1-0"]
[WhiteElo "2011"]
[BlackElo "1816"]
[PlyCount "85"]
[EventDate "2016.??.??"]

1. e4 c6 2. Qe2 d5 3. d3 g6 4. f4 Bg7 5. Nf3 Bg4 6. e5 e6 7. Nbd2 Ne7 8. h3
Bxf3 9. Nxf3 Nf5 10. Qf2 h5 11. Be3 Nd7 12. Qd2 Nxe3 13. Qxe3 Qb6 14. Qxb6 axb6
15. d4 b5 16. Rg1 Bh6 17. g3 h4 18. Nxh4 g5 19. fxg5 Bxg5 20. Nf3 Be3 21. Rh1
Ra4 22. c3 Ke7 23. Ke2 Bh6 24. a3 c5 25. Kf2 b4 26. Bb5 Ra5 27. a4 cxd4 28.
cxb4 Be3+ 29. Ke2 Raa8 30. Kd3 Bf2 31. g4 Rac8 32. Raf1 Be3 33. Nxd4 Bxd4 34.
Kxd4 Nb8 35. Rc1 f6 36. exf6+ Kxf6 37. Rhf1+ Ke7 38. Rxc8 Rxc8 39. Ke5 Rc2 40.
g5 Rxb2 41. g6 Rxb4 42. Rf7+ Kd8 43. g7 
1-0

[Event "Nordstrand GP Langsjakk 2016, Åpent Oslomesterskap"]
[Site "Lambertseter gård"]
[Date "2016.04.16"]
[Round "3"]
[White "Svanholm, Børge W"]
[Black "Nordquelle, Daniel"]
[Result "1-0"]
[WhiteElo "1826"]
[BlackElo "1997"]
[PlyCount "137"]
[EventDate "2016.??.??"]

1. c4 Nf6 2. Nc3 c5 3. Nf3 d5 4. cxd5 Nxd5 5. g3 g6 6. Bg2 Bg7 7. O-O O-O 8. d4
Nxc3 9. bxc3 Nc6 10. e3 Be6 11. Re1 Rc8 12. Ba3 b6 13. Qe2 Qc7 14. Ng5 Bd7 15.
Red1 Na5 16. Rac1 Ba4 17. Re1 Rfd8 18. e4 e5 19. d5 Bh6 20. h4 Nb7 21. Rb1 Nd6
22. Bc1 Bg7 23. c4 b5 24. cxb5 c4 25. Be3 Nxb5 26. Rec1 Nd4 27. Qd2 c3 28. Qd3
c2 29. Rb4 Qa5 30. Bd2 Bb5 31. Rxd4 Qa6 32. Qf3 exd4 33. Qxf7+ Kh8 34. Bh3 Rb8
35. Rxc2 Rf8 36. Qe7 Rbe8 37. Qb4 d3 38. Rc7 Qb6 39. Rf7 h6 40. Rxf8+ Rxf8 41.
Be3 d2 42. Qxd2 Qd6 43. Ne6 Rf7 44. Bxh6 Be5 45. f4 Ba1 46. Qc1 Qb6+ 47. Qc5
Qxc5+ 48. Nxc5 Bd4+ 49. Kg2 Bxc5 50. e5 Kh7 51. Bg5 Be7 52. Be6 Rg7 53. Bf6
Bxf6 54. exf6 Rc7 55. Kf3 Be8 56. Kg4 Bf7 57. f5 gxf5+ 58. Kxf5 Kg8 59. g4 Rc2
60. h5 Rf2+ 61. Ke5 Rxa2 62. g5 Bxe6 63. dxe6 Kf8 64. Kf5 Rf2+ 65. Kg6 a6 66.
h6 a5 67. h7 Rh2 68. e7+ Ke8 69. Kg7 
1-0

[Event "Nordstrand GP Langsjakk 2016, Åpent Oslomesterskap"]
[Site "Lambertseter gård"]
[Date "2016.04.16"]
[Round "3"]
[White "Harstad, Christian"]
[Black "Robertsen, Bjørn"]
[Result "1/2-1/2"]
[WhiteElo "1963"]
[BlackElo "1855"]
[PlyCount "70"]
[EventDate "2016.??.??"]

1. d4 d5 2. c4 c6 3. Nf3 Nf6 4. Nc3 dxc4 5. a4 Bf5 6. e3 e6 7. Bxc4 Bb4 8. O-O
O-O 9. Qe2 Nbd7 10. e4 Bg6 11. Bd3 Bh5 12. e5 Nd5 13. Nxd5 cxd5 14. Be3 Be7 15.
Bd2 Bg6 16. a5 Bxd3 17. Qxd3 a6 18. Rfc1 Nb8 19. Qb3 Qd7 20. Ne1 Nc6 21. Bc3
Rac8 22. Nd3 Na7 23. Bd2 Nb5 24. Be3 Rxc1+ 25. Rxc1 Rc8 26. Qd1 Qd8 27. b4 Rc4
28. Nc5 Bxc5 29. dxc5 Rxb4 30. c6 bxc6 31. Rxc6 Qa8 32. Qc2 Rc4 33. Rxc4 dxc4
34. Qxc4 h6 35. h4 Qb7 
1/2-1/2

[Event "Nordstrand GP Langsjakk 2016, Åpent Oslomesterskap"]
[Site "Lambertseter gård"]
[Date "2016.04.16"]
[Round "3"]
[White "Afsari-Rad, Aidin"]
[Black "Vestby-Ellingsen, Mads"]
[Result "0-1"]
[WhiteElo "1762"]
[BlackElo "1961"]
[PlyCount "78"]
[EventDate "2016.??.??"]

1. e4 e5 2. Nf3 Nc6 3. Bc4 Bc5 4. c3 Nf6 5. d3 d6 6. O-O a6 7. d4 exd4 8. cxd4
Ba7 9. e5 dxe5 10. Qb3 Nxd4 11. Nxd4 Bxd4 12. Bxf7+ Kf8 13. Bg5 Qe7 14. Bc4 c6
15. Nc3 Bf5 16. Rae1 b5 17. Be2 h6 18. Bh4 g5 19. Bg3 b4 20. Nb1 h5 21. h3 h4
22. Bh2 e4 23. Rd1 c5 24. Nd2 g4 25. hxg4 Bxg4 26. Bxg4 Nxg4 27. Qd5 Rd8 28.
Qf5+ Nf6 29. Nc4 Rd5 30. Qc8+ Kg7 31. Qxa6 Ng4 32. Qc6 Bxf2+ 33. Kh1 h3 34. Bc7
hxg2+ 35. Kxg2 Qg5 36. Qxd5 Ne3+ 37. Kxf2 Rh2+ 38. Ke1 Qg3+ 39. Rf2 Qxf2# 
0-1